| 000 | 00409nam a2200157 i 4500 | ||
|---|---|---|---|
| 001 | 83949 | ||
| 003 | ES-MaACL | ||
| 005 | 20230906174923.0 | ||
| 007 | t| | ||
| 008 | 041118s1926 sp ||||1| spa d | ||
| 100 | 1 |
_aIraizoz, Antonio. _965408 |
|
| 245 | 1 | 0 |
_aPnys / _cAntonio Yraizoz. |
| 260 |
_aMadrid : _bMundo Latino, _c1926 ( _fCalpe) |
||
| 300 |
_a267 p. ; _c19 cm. |
||
| 852 |
_aES-MaACL _jD-7894 _bR.31436 |
||
| 999 |
_c83949 _d83949 |
||